Μίνι Βόλλευ
Αποθηκεύτηκε σε:
| Κύριος συγγραφέας: | |
|---|---|
| Άλλοι συγγραφείς: | |
| Μορφή: | Βιβλίο |
| Γλώσσα: | Greek |
| Δημοσίευση: |
Θεσσαλονίκη :
Salto,
1990
|
| Θέματα: | |
| Ετικέτες: |
Προσθήκη ετικέτας
Δεν υπάρχουν, Καταχωρήστε ετικέτα πρώτοι!
|
MARC
| LEADER | 00000nam a2200000 i 4500 | ||
|---|---|---|---|
| 001 | 1/55597 | ||
| 008 | 951102s1990 gre d | ||
| 035 | |1 ΠΑΡ |a 1995 |b 2510 |c ΚΟΝΙΟΡΔΟΣ |l 10045328 | ||
| 040 | |a GR-MY-UA |b gre |e aacr | ||
| 041 | 0 | |a gre | |
| 100 | 1 | |a Καψαμπέλης, Δημήτρης. | |
| 245 | 1 | 0 | |a Μίνι Βόλλευ / |c Δημήτρη Καψαμπέλη, Θανάση Παπαγεωργίου |
| 260 | |a Θεσσαλονίκη : |b Salto, |c 1990 | ||
| 300 | |a 105 σ.; |c 24 cm. | ||
| 650 | 0 | 0 | |a Volleyball. |
| 650 | 0 | 0 | |a Volleyball |x Training. |
| 700 | 1 | |a Παπαγεωργίου, Θανάσης. | |
| 852 | |a INST |b SAMOS |e 19951102 |h 796.325 ΚΑΨ |p 005300010178 |q 005300010178 |t BK |y 0 | ||
| 909 | |a Σ |b 043044 | ||